Leistung und Wettbewerb: Herausforderungen und Folgerungen
| Format: | Print Book |
|---|---|
| Language: | German |
| Subito Delivery Service: | Order now. |
| Check availability: | HBZ Gateway |
| WorldCat: | WorldCat |
| Interlibrary Loan: | Interlibrary Loan for the Fachinformationsdienste (Specialized Information Services in Germany) |
| Published: |
Koeln
Bachem
1974
|
| In: |
Veröffentlichungen der Walter-Raymond-Stiftung der BDA (16)
Year: 1974 |
| Series/Journal: | Veröffentlichungen der Walter-Raymond-Stiftung
16 |
| Standardized Subjects / Keyword chains: | B
Payment (Law)
/ Competition
B Payment / Competition |
| Further subjects: | B
Conference program
|
| Online Access: |
Table of Contents |
MARC
| LEADER | 00000cam a2200000 c 4500 | ||
|---|---|---|---|
| 001 | 1608273725 | ||
| 003 | DE-627 | ||
| 005 | 20251225193330.0 | ||
| 007 | tu | ||
| 008 | 850101s1974 xx ||||| 00| ||ger c | ||
| 020 | |a 3761602332 |9 3-7616-0233-2 | ||
| 035 | |a (DE-627)1608273725 | ||
| 035 | |a (DE-576)006926800 | ||
| 035 | |a (DE-599)BSZ006926800 | ||
| 035 | |a (OCoLC)3419920 | ||
| 035 | |a (OCoLC)03419920 | ||
| 035 | |a (DE-604)801964020x | ||
| 040 | |a DE-627 |b ger |c DE-627 |e rakwb | ||
| 041 | |a ger | ||
| 082 | 0 | |a 300.8 | |
| 084 | |a PC 4720 |2 rvk |0 (DE-625)rvk/135084: | ||
| 084 | |a BL 8790 |2 rvk |0 (DE-625)rvk/12370: | ||
| 084 | |a QB 910 |2 rvk |0 (DE-625)rvk/141231: | ||
| 084 | |a QR 300 |2 rvk |0 (DE-625)rvk/142024: | ||
| 191 | |a 1 | ||
| 245 | 0 | 0 | |a Leistung und Wettbewerb |b Herausforderungen und Folgerungen |
| 264 | 1 | |a Koeln |b Bachem |c 1974 | |
| 300 | |a 335 S. | ||
| 336 | |a Text |b txt |2 rdacontent | ||
| 337 | |a ohne Hilfsmittel zu benutzen |b n |2 rdamedia | ||
| 338 | |a Band |b nc |2 rdacarrier | ||
| 490 | 1 | |a Veröffentlichungen der Walter-Raymond-Stiftung |v 16 | |
| 655 | 7 | |a Konferenzschrift |0 (DE-588)1071861417 |0 (DE-627)826484824 |0 (DE-576)433375485 |2 gnd-content | |
| 689 | 0 | 0 | |d s |0 (DE-588)4167266-5 |0 (DE-627)104588748 |0 (DE-576)209907452 |2 gnd |a Leistung |g Recht |
| 689 | 0 | 1 | |d s |0 (DE-588)4065835-1 |0 (DE-627)106116819 |0 (DE-576)209161051 |2 gnd |a Wettbewerb |
| 689 | 0 | |5 (DE-627) | |
| 689 | 1 | 0 | |d s |0 (DE-588)4132608-8 |0 (DE-627)105686395 |0 (DE-576)209637021 |2 gnd |a Leistung |
| 689 | 1 | 1 | |d s |0 (DE-588)4065835-1 |0 (DE-627)106116819 |0 (DE-576)209161051 |2 gnd |a Wettbewerb |
| 689 | 1 | |5 (DE-627) | |
| 810 | 2 | |a Walter-Raymond-Stiftung der BDA |t Veröffentlichungen der Walter-Raymond-Stiftung der BDA |v 16 |9 16 |w (DE-627)130401307 |w (DE-576)002923335 |w (DE-600)605330-0 |7 am | |
| 856 | 4 | 2 | |u https://swbplus.bsz-bw.de/bsz006926800inh.htm |m V:DE-576 |v 2006-11-28 |3 Inhaltsverzeichnis |7 1 |
| 935 | |a mteo | ||
| 936 | r | v | |a PC 4720 |b Sammelwerke |k Rechtswissenschaft |k Allgemeines zum juristischen Studium und zur Rechtswissenschaft |k Festschriften, Sammelwerke |k Sammelwerke |0 (DE-627)1271142279 |0 (DE-625)rvk/135084: |0 (DE-576)201142279 |
| 936 | r | v | |a BL 8790 |b Leistungsprinzip |k Theologie und Religionswissenschaften |k Christliche Gesellschaftslehre |k Wirtschaft |k Arbeitsvertrag |k Leistungsprinzip |0 (DE-627)1270730002 |0 (DE-625)rvk/12370: |0 (DE-576)200730002 |
| 936 | r | v | |a QB 910 |b Aufsatzsammlungen vermischten Inhalts |k Wirtschaftswissenschaften |k Allgemeines. Methoden der Wirtschaftswissenschaften. Unterrichts- und Ausbildungsmethoden in den Wirtschaftswissenschaften, Wirtschaftspädagogik |k Wirtschaftswissenschaftliche Enzyklopädien und Sammelwerke |k Aufsatzsammlungen vermischten Inhalts |0 (DE-627)1270742256 |0 (DE-625)rvk/141231: |0 (DE-576)200742256 |
| 936 | r | v | |a QR 300 |b Allgemeines |k Wirtschaftswissenschaften |k Gewerbepolitik. Einzelne Wirtschaftszweige |k Wettbewerbs- und Monopolpolitik |k Allgemeines |0 (DE-627)1271357232 |0 (DE-625)rvk/142024: |0 (DE-576)201357232 |
| 951 | |a BO | ||
| ACO | |a 1 | ||
| ELC | |b 1 | ||
| ITA | |a 1 | ||
| LOK | |0 000 xxxxxcx a22 zn 4500 | ||
| LOK | |0 001 3135119653 | ||
| LOK | |0 003 DE-627 | ||
| LOK | |0 004 1608273725 | ||
| LOK | |0 005 20100512113655 | ||
| LOK | |0 008 970619||||||||||||||||ger||||||| | ||
| LOK | |0 040 |a DE-21-24 |c DE-627 |d DE-21-24 | ||
| LOK | |0 541 |e 75/1414 | ||
| LOK | |0 852 |a DE-21-24 | ||
| LOK | |0 852 1 |c P,Ib,183 |m p |9 00 | ||
| LOK | |0 936ln |a P,Ib, | ||
| LOK | |0 938 |k p | ||
| LOK | |0 939 |a 19-06-97 |b l01 | ||
| LOK | |0 000 xxxxxcx a22 zn 4500 | ||
| LOK | |0 001 3135119661 | ||
| LOK | |0 003 DE-627 | ||
| LOK | |0 004 1608273725 | ||
| LOK | |0 005 20100517111239 | ||
| LOK | |0 008 970619||||||||||||||||ger||||||| | ||
| LOK | |0 040 |a DE-21-24 |c DE-627 |d DE-21-24 | ||
| LOK | |0 541 |e 75/1415: Z III | ||
| LOK | |0 852 |a DE-21-24 | ||
| LOK | |0 852 1 |c P,Ib,183 |m p |9 00 | ||
| LOK | |0 852 2 |b Z III |9 00 | ||
| LOK | |0 936ln |a P,Ib, | ||
| LOK | |0 938 |k p | ||
| LOK | |0 939 |a 19-06-97 |b l02 | ||
| ORI | |a SA-MARC-ixtheoa001.raw | ||
| REL | |a 1 | ||
| STA | 0 | 0 | |a Competition,Competition,Payment,Achievement,Service (law),Service |
| STB | 0 | 0 | |a Concurrence,Concurrence,Prestation,Rendement,Performance,Performance |
| STC | 0 | 0 | |a Competencia,Concurso,Concurso,Prestación,Rendimiento |
| STD | 0 | 0 | |a Concorrenza,Prestazione,Rendimento,Prestazione,Performance,Prestazione,Performance |
| STE | 0 | 0 | |a 成就,成果,成绩,比赛,竞赛 |
| STF | 0 | 0 | |a 成就,成果,成績,比賽,競賽 |
| STG | 0 | 0 | |a Concorrência,Concurso,Concurso,Prestação,Desempenho |
| STH | 0 | 0 | |a Платёж,Работа (производительность),Исполнение действия (право),Соревнование,Конкуренция |
| STI | 0 | 0 | |a Ανταγωνισμός,Διαγωνισμός,Παροχή (δίκαιο),Επίδοση,Απόδοση |
| SUB | |a REL | ||
| SYG | 0 | 0 | |a Leistung , Konkurrenz,Ideenwettbewerb,Wettbewerbe , Leistung , Konkurrenz,Ideenwettbewerb,Wettbewerbe |